| 000 | 00513nam a2200169 a 4500 | ||
|---|---|---|---|
| 001 | 000026519 | ||
| 005 | 20200930030251.0 | ||
| 008 | 110322s1997 dr a 000 0 spa d | ||
| 040 |
_aDO-SdBNP _bspa _cBNPHU |
||
| 100 | 1 |
_aPeralta Disla, Felipe _953602 |
|
| 245 | 1 | 0 |
_aTécnicas de programación / _cFelipe Peralta Disla. |
| 250 | _a2a ed. | ||
| 260 |
_aSanto Domingo : _bCENTU, _c1997. _fEditora El Nuevo Diario |
||
| 300 |
_a127 p. ; _c22 cm. |
||
| 710 | 1 |
_aCentro de Tecnología Universal _953603 |
|
| 049 | _aBNPD | ||
| 999 |
_c26011 _d26011 |
||